| 000 | 00420nam a2200181Ia 4500 | ||
|---|---|---|---|
| 003 | OSt | ||
| 005 | 20260505115544.0 | ||
| 008 | 250729s2010 xx 000 0 und d | ||
| 040 | _cAL | ||
| 041 | _akan | ||
| 082 | _a494.50 HIRJ | ||
| 100 |
_aC.b.G.Hiremat _9231039 |
||
| 245 | _aJawaharlal neharu | ||
| 260 |
_aGadag _bMaruthi Book Center _c2010 |
||
| 300 | _a64p | ||
| 650 |
_aKannada _9231040 |
||
| 942 |
_2ddc _cBED |
||
| 999 |
_c239082 _d239082 |
||